000 00787cam a22001814a 4500
005 20250605164344.0
008 250528s ||||||||||||||||||||||||d
035 _a23795
040 _aGR-AtMCL
_bgre
_dGR-AtMCL
_eAACR2
245 1 _aHow Egalitarian are Gender Roles in Greece Today?/A Foucauldian Discourse Analysis Examining Women through Emerging Adulthood.
260 _c2017
300 _a40
520 _aIntrodction, Methodology, Materials, Analytic Strategy, Procedure, Ethics, Analysis, the Unfair Expectations Towards Men, the Relationship of Partrship in Family Formulations, the 21st Century Superwoman, the Crisis of Manhood within the Household, Discussion, References.
700 1 _aKorogiannou Demetra
_99325
942 _cDS
999 _c8730
_d8730